000 00703cam a2200241 i 4500
008
020 _a0827311338 (hbk.)
049 _aMAIN
090 _aQC641 DUF
100 1 _aDuff, John R.
245 1 0 _aAlternating current fundamentals /
_cJohn R. Duff, Milton Kaufman.
260 _aAlbany :
_bDelmar,
_c1980.
300 _aviii, 582 p. :
_bill. ;
_c27 cm.
500 _aIncludes index.
650 0 _aElectric currents, Alternating.
650 0 _aElectric engineering.
700 1 _aKaufman, Milton,
_ejoint author.
907 _a.b10048121
_b24-01-07
_c17-04-03
003
005 20230123133559.0
040 _cNUST
942 _cBOOKS
_kQC641 DUF
999 _c151069
_d151069